000 00603nam a2200217Ia 4500
005 20241129120257.0
008 241129s9999||||xx |||||||||||||| ||und||
020 _a9781478019558
037 _aTB
040 _aSDCL
_beng
_cSDCL
041 _aeng
_2eng
084 _aV95'P R3
_qSDCL
100 _aBoer Nienke
_9729570
245 0 _aBriny South: Displacement & sentiment in the Indian ocean world
260 _aDurham
_bDuke University Press Londan
_c2023
300 _a210p.
365 _aUSD
_b25.95
650 _aReference
942 _cTB
_hV95'P R3
999 _c1234126
_d1234126